| Tag |
First Indicator |
Second Indicator |
Subfields |
| LEADER |
00000cam a2200000 4500 |
| 001 |
in00000191921 |
| 005 |
20151009052144.0 |
| 008 |
730802m19011902nyuaf b 00010 eng d |
| 010 |
|
|
|a 01027695
|
| 035 |
|
|
|a (OCoLC)00670096
|
| 035 |
|
|
|9 AAV9349AM
|
| 040 |
|
|
|c MIA
|d TXA
|d UtOrBLW
|
| 049 |
|
|
|a TXAM
|c 1
|v 1 [60033]
|v 2 [60034]
|v 3 [60035]
|c 2
|v 1 [312457]
|v 2 [312458]
|v 3 [312459]
|
| 050 |
|
0 |
|a NA31
|b .S84
|
| 100 |
1 |
|
|a Sturgis, Russell,
|d 1836-1909.
|
| 245 |
1 |
2 |
|a A dictionary of architecture and building :
|b biographical, historical, and descriptive /
|c by Russell Sturgis and many architects, painters, engineers, and other expert writers, American and foreign.
|
| 264 |
|
1 |
|a New York :
|b The Macmillan company;
|a London :
|b Macmillan & co., ltd.,
|c 1901-02.
|
| 300 |
|
|
|a 3 volumes :
|b frontispiece, illustrations, plates. ;
|c 27 cm.
|
| 336 |
|
|
|a text
|b txt
|2 rdacontent
|
| 337 |
|
|
|a unmediated
|b n
|2 rdamedia
|
| 338 |
|
|
|a volume
|b nc
|2 rdacarrier
|
| 504 |
|
|
|a Bibliography: volume 3, col. 1141-1212.
|
| 650 |
|
0 |
|a Architecture
|v Dictionaries.
|
| 650 |
|
0 |
|a Architecture
|v Bibliography.
|
| 650 |
|
0 |
|a Architects.
|
| 999 |
|
|
|a MARS
|
| 999 |
f |
f |
|s 2ddb0fc3-8691-3164-8b65-7439c9bf98fd
|i 6b54c31e-5b38-3f8c-bf96-8960ed91b12b
|t 0
|
| 952 |
f |
f |
|p ric
|a Texas A&M University
|b Rellis Campus
|c Joint Library Facility
|d Remote Storage
|t 0
|e NA31 .S84
|h Library of Congress classification
|i unmediated -- volume
|k v.1
|m A14803407648
|
| 952 |
f |
f |
|p storage
|a Texas A&M University
|b J.J. Pickle Campus
|c High Density Repository
|d Remote Storage
|t 0
|e NA31 .S84
|h Library of Congress classification
|i unmediated -- volume
|k v.2
|m A14803407680
|
| 952 |
f |
f |
|p ric
|a Texas A&M University
|b Rellis Campus
|c Joint Library Facility
|d Remote Storage
|t 0
|e NA31 .S84
|h Library of Congress classification
|i unmediated -- volume
|k v.2
|m A14803407656
|
| 952 |
f |
f |
|p storage
|a Texas A&M University
|b J.J. Pickle Campus
|c High Density Repository
|d Remote Storage
|t 0
|e NA31 .S84
|h Library of Congress classification
|i unmediated -- volume
|k v.3
|m A14803407698
|
| 952 |
f |
f |
|p storage
|a Texas A&M University
|b J.J. Pickle Campus
|c High Density Repository
|d Remote Storage
|t 0
|e NA31 .S84
|h Library of Congress classification
|i unmediated -- volume
|k v.1
|m A14803407672
|
| 952 |
f |
f |
|p ric
|a Texas A&M University
|b Rellis Campus
|c Joint Library Facility
|d Remote Storage
|t 0
|e NA31 .S84
|h Library of Congress classification
|i unmediated -- volume
|k v.3
|m A14803407664
|
| 998 |
f |
f |
|a NA31 .S84
|s v.1-v.3
|t 0
|l Remote Storage
|
| 998 |
f |
f |
|a NA31 .S84
|s v.1-v.3
|t 0
|l Remote Storage
|